| 000 | 00677nam a22002057a 4500 | ||
|---|---|---|---|
| 999 |
_c12415 _d12415 |
||
| 003 | AR-CdUCM | ||
| 008 | 190408b ||||| |||| 00| 0 spa d | ||
| 040 |
_aMUNICIPALIDAD PROVINCIAL DEL CUSCO _cBIBLIOTECA MUNICIPAL DEL CUSCO |
||
| 082 |
_a869.56 / _bO68 |
||
| 100 |
_aOrmeño, J. Alberto _930261 |
||
| 245 |
_aPanoramas : _b(Apuntes de viaje) / |
||
| 260 |
_aIca : _bNieri. |
||
| 300 |
_a138 páginas ; _c21 cm. |
||
| 505 | _aContenido : Montañas -- Palabras iniciales -- Por las tierras del norte -- De Ica a Pisco ... | ||
| 650 |
_aLiteratura _983 |
||
| 650 |
_aPeruana _925277 |
||
| 650 |
_aLatinoamericano _914623 |
||
| 942 |
_2ddc _cLIBROS |
||
| 945 |
_arah _d08/04/2019 |
||